Best Footballers to Never Win a Champions League - Statistics

General Stats
  • This quiz has been taken 234 times
  • The average score is 6 of 15
Answer Stats
Answer % Correct
Zlatan Ibrahimovic
86%
Gianluigi Buffon
83%
Pavel Nedved
70%
Ronaldo Nazario
62%
Ruud van Nistelrooy
42%
Fabio Cannavaro
37%
Gabriel Batistuta
34%
Michael Ballack
31%
Francesco Totti
30%
Hernan Crespo
30%
Patrick Vieira
29%
Lilian Thuram
28%
Cesc Fabregas
27%
Dennis Bergkamp
23%
Eric Cantona
10%
No matching quizzes found
Score Distribution
Percent of People with Each Score
Percentile by Number Answered
Your Score History
You have not taken this quiz